00902pam a2200265 i 45000010008000000030004000080050017000120080041000290100017000700200024000870400018001110500018001290820013001471000017001602450088001772600036002653000021003015000020003225040026003426000027003686500014003957000034004098560089004438560104005321775323OSt20210108155409.0770727s1978 ilu b 001 0 eng  a 77010689  a0802413927 :c$2.95 aDLCcDLCdDLC00aBM695.P3bR6700a296.4/371 aRosen, Ceil.10aChrist in the Passover :bwhy is this night different? /cBy Ceil and Moishe Rosen. aChicago :bMoody Press,cc1978. a112 p. ;c22 cm. aIncludes index. aBibliography: p. 110.00aJesus ChristxPassion. 0aPassover.1 aRosen, Moishe,ejoint author.423Publisher descriptionuhttp://www.loc.gov/catdir/enhancements/fy0609/77010689-d.html423Contributor biographical informationuhttp://www.loc.gov/catdir/enhancements/fy1202/77010689-b.html